| 000 | 00512nam a2200181Ia 4500 | ||
|---|---|---|---|
| 008 | 151202s9999||||xx |||||||||||||| ||und|| | ||
| 082 | _bPNVM-62159 | ||
| 100 | _aपोरे सुरेश. | ||
| 245 | _aसाहेब. | ||
| 260 | _bश्रीपाद प्रकाशन पुणे. | ||
| 260 | _c62159 | ||
| 300 | _a90 | ||
| 600 | _aपोरे सुरेश. | ||
| 630 | _aसाहेब. | ||
| 700 | _aपोरे सुरेश. | ||
| 730 | _aसाहेब. | ||
| 942 | _cBOOK | ||
| 999 |
_c1328693 _d1328690 |
||